Les 120 plus grosses entreprises françaises - Statistiques

Statistiques générales
  • Ce quiz a été pris 458 fois
  • Le résultat moyen est 22 sur 118
Statistiques - réponses
Première Lettre Réponse % Correct
R - Automobile Renault
78%
O - Telecoms Orange
70%
T - Pétrole et energie Total
69%
A - Constructeur aerien Airbus
67%
B - Banque BNP Paribas
65%
L - Luxe LVMH
65%
B - Communication et construction Bouygues
62%
C - Grande distribution Carrefour
61%
A - Assurances Axa
60%
E - Energie Engie
60%
C - Banques Credit Agricole
59%
E- Energie EDF
58%
A - Aerien Air France
56%
B - Constructeur de stylos Bic
53%
M - Pneumatique Michelin
51%
H - Luxe Hermes
49%
A - Hotellerie Accor
46%
S - Banque Société générale
45%
T - Television TF1
44%
F - Jeux d'argent FDJ
42%
L - Luxe L'Oreal
42%
S - Pharmacie Sanofi
42%
A - constructeur ferroviere Alstom
39%
U - Jeux vidéo Ubisoft
39%
V - Infrastructures et constructions Vinci
39%
D - Constructeur aérien Dassault aviation
38%
D - Développeur système et logiciel Dassault systemes
38%
V - Gestion des eaux Veolia
36%
K - Luxe Kering
30%
A - Gaz Air Liquide
29%
T - Electronique aerien Thales
29%
S - Equipementier Aeronautique Safran
28%
A - Sidérurgie Arcelormittal
25%
P - Spiritueux Pernod Ricard
25%
F - Multimédia et electroménager Fnac Darty
23%
S - Automobile Stellantis
23%
V - Multimédia Vivendi
23%
J - Affichage Publicitaire JC Decaux
21%
C - Grande distribution Casino guichard
20%
S - Restauration Sodexo
20%
S - Gestion des eaux Suez
20%
S - Matériaux constructions Saint Gobain
19%
C - Services numériques Capgemini
18%
E - Constructeur Eiffage
17%
P - Communication Publicis
17%
S - Equipement électrique Schneider Electric
17%
E - Optique Essilorluxottica
15%
I - Institut de sondage Ipsos
15%
M - Meubles de maison Maison du monde
14%
L - Infrastructure électrique Legrand
13%
N - Finance Natixis
13%
V - Equipements automobiles Valeo
13%
E - Cheque dejeuner Edenred
10%
S - Electronique Stmicroelectronics
10%
B - Logistique et transports Bollore
9%
L - Edition et retail Lagardere
9%
E - Restauration colective Elior Group
8%
A - gestionnaire de fonds Amundi
7%
N - Immobilier Nexity
7%
U - Foncière Unibail Rodamco Westfield
7%
A - Services numériques Atos
6%
B - Inspection et certification Bureau veritas
6%
E - Société Boursière Euronext
6%
S - Equipements domestiques S.E.B.
6%
T - Service client Teleperformance
6%
W - Service financier Worldline
6%
A - Infrastructures ADP
5%
A - Location automobile Ald
5%
F - Equipements Automobiles Faurecia
5%
I - Telecoms Iliad
5%
K - Foncière Klepierre
5%
V - Equipement pétroliers Vallourec
5%
A - Conseil en technologie Alten
4%
A - Chimie Arkema
4%
E - Laboratoires Eurofins Scientific
4%
O - Santé Orpea
4%
P - Equipements plastiques Plastic Omnium
4%
B - Diagnostic in vitro Biomerieux
3%
C - Assurances Cnp assurances
3%
E - Hygiène et nettoyage Elis
3%
E - Mine et métallurgie Eramet
3%
R - Spiritueux Remy cointreau
3%
S - Chimie Solvay
3%
S - Services numériques Sopra Steria
3%
E - Opérateur satellite Eutelsat communication
2%
G - Ingénierie naval Gtt
2%
M - Television Metropole TV
2%
N - Industrie cable Nexans
2%
R - Distributeur matériaux électrique Rexel
2%
R - Stockages produits liquides Rubis
2%
S - Reassurance Scor
2%
S - Génie electrique Spie
2%
W - Société d'investissement Wendel
2%
A - Energie renouvelable Albioma
1%
C - Assurance crédit Coface
1%
C - Foncière Covivio
1%
E - Société d'investissement Eurazeo
1%
G - Infrastructure de tunnel Getlink
1%
I - Immobilier Icade
1%
I - Extraction minerais Imerys
1%
I - Biopharmacie Ipsen
1%
S - Services biotechnologiques Sartorius Sted Bio
1%
S - Télécommunications satellites SES
1%
S - Semi Conducteurs Soitec
1%
T - Equipements pétroliers Technipmc
1%
T - Véhicule de loisir Trigano
1%
V - Emballages Verallia
1%
A - Acier inoxydable Aperam
0%
C - Immobilier Carmila
0%
C - Pétrolière Cgg
0%
G - Foncière Gecina
0%
K - Construction Kaufman et Broad
0%
M - Stockage d'energie MCPHY
0%
M - Foncière Mercialys
0%
N - Electricité alternative Neoen
0%
R - Arome Robertet
0%
S - Solutions pour technologie Solution 30 Se
0%
V - Santé animal Vibrac
0%
Aucun quiz correspondant
Distribution des résultats
% des personnes avec chaque résultat
Percentile par nombre de réponses
Votre historique - résultats
Vous n’avez pas pris ce quiz